000 01154nam0a22002771 4500
001 rc\4053429
005 20130415143930.8
021 _aRU
_b[51-6420]
035 _a(NLR Aleph) 008107327
090 _a9281973
_c9281973
100 _a20130415d1951 |||y0rusy50 ca
101 0 _arus
102 _aRU
105 _aa z |||||
200 1 _aИнструкция по постройке, установке и эксплуатации штормоустойчивых ставных неводов
_fМ-во рыбной пром-сти СССР. Упр. гос. рыболовства
210 _aМосква
_cБ. и.
_d1951
215 _a40 с.
_cчерт.
_d20
300 _aВ вып. дан. сост.: канд. техн. наук Калиновский В.С.
606 _aНевода ставные, штормоустойчивые
_2psbo
702 1 _aКалиновский
_bВ. С.
_4220
712 0 1 _aСССР
_bУправление государственного рыболовства
_3RU\NLR\AUTH\8810181836
801 0 _aRU
_bNLR
_gpsbo
801 1 _aRU
_bELAR
_2rusmarc
852 _aNLR
_jС90 Г-4/1110
942 _cBOOK
980 _aNB